Statistics for 10 Southernmost Countries in Asia

Click here to take the quiz!

General Stats

  • This quiz has been taken 29,444 times
  • The average score is 9 of 10

Answer Stats

Latitude Country % Correct
11°00'SIndonesia
98%
00°51'NMalaysia
95%
06°44'NIndia
94%
05°37'NThailand
92%
05°55'NSri Lanka
92%
01°09'NSingapore
91%
04°35'NPhilippines
90%
09°30'SEast Timor
83%
04°00'NBrunei
81%
00°42'SMaldives
75%

Score Distribution

Percentile by Number Answered

Percent of People with Each Score

Your Score History

You have not taken this quiz